000 01002cam a22001934a 4500
005 20250605164145.0
008 250528s ||||||||||||||||||||||||d
035 _a19119
040 _aGR-AtMCL
_bgre
_dGR-AtMCL
_eAACR2
245 1 _aThe Journalism Today / Workbook: Learning Activities for Tomorrow's Journalists
260 _bNational Textbook Company,
_c1988
300 _a166
520 _aThis book is designed to help students practice and develop basic journalistic skills. Introduction, Learning Style, Considering Law and Ethics, Working on News Judgement, Doing Interviews, Writing Leads, Writing New Stories, Using Quotes, Covering Speeches, Writing Feature Stories, Writing Sports Stories, Writing Editorials, Writing Headlines, Using Photos Effectively, Writing for Broadcast, Creating Ads, Planning the Yearbook, Brainstorming Technique, Copy Editing Symbols.
700 1 _aFerguson Donald L
_95365
700 1 _aPatten Jim
_95366
942 _cBK
999 _c4398
_d4398